000 01262nam a22003017i 4500
003 EG-GICUC
005 20260121101742.0
008 260119s2018 ua a|||fr|||| 000 0 ara d
040 _a EG-GICUC
_bara
_c EG-GICUC
_d EG-GICUC
_erda
082 0 4 _221
_a338.9
_bآ ي . د
092 0 4 _221
099 _aLaw1 13 338.9 آ ي . د 2018
100 1 _aآيات صلاح دكروري
_eمؤلف.
240 _a
245 1 0 _aدور اقتصاد المعرفة في تحديث الصناعة دراسة تحليلية بالتطبيق على الاقتصاد المصري/
_cتأليف آيات صلاح دكروري.
264 1 _aالقاهرة :
_bمجلة العلوم القانونية والاقتصادية كلية الحقوق - جامعة عين شمس،
_c2018.
300 _a84 صفحة؛
_c24 سم
336 _2rda content
_atext
337 _2rda media
_aComputer
338 _2rda carrier
_aOnline Resource
504 _aيشتمل على إرجاعات ببيلوجرافية.
546 _aالنص باللغة العربية
650 1 4 _aالمالية العامة والتشريع الضريبي
_2qrmak
651 1 _2qrmak
856 4 0 _uhttps://fll.law.cu.edu.eg/fulltext/bks/B13-09742.pdf
905 _a56
942 _2ddc
_cBK
_e21
_n0
999 _c57930
_d57930